México mestizo : análisis del nacionalismo mexicano en torno a la mestizofilia de Andrés Molina Enríquez /
Kaydedildi:
| Yazar: | |
|---|---|
| Materyal Türü: | Kitap |
| Dil: | Spanish |
| Baskı/Yayın Bilgisi: |
México :
Fondo de Cultura Económica,
2002.
|
| Edisyon: | 2. edición |
| Konular: | |
| Etiketler: |
Etiketle
Etiket eklenmemiş, İlk siz ekleyin!
|
MARC
| LEADER | 00000nam a22000005b 4500 | ||
|---|---|---|---|
| 001 | bimo0000291624 | ||
| 005 | 20140917053246.0 | ||
| 008 | 930531s2002 mx | r |||1 ||spa | ||
| 020 | |a 9681637151 | ||
| 040 | |a SpMaBN |b spa |c SpMaBN |d CIICLA | ||
| 082 | |a 972.01 |b B297m | ||
| 100 | 2 | |a Basave Benítez, Agustín F. | |
| 245 | 1 | 0 | |a México mestizo |h [Texto impreso] |b : análisis del nacionalismo mexicano en torno a la mestizofilia de Andrés Molina Enríquez / |c Agustín F. Basave Benítez ; prólogo de Carlos Fuentes |
| 250 | |a 2. edición | ||
| 260 | |a México : |b Fondo de Cultura Económica, |c 2002. | ||
| 300 | |a 171 páginas, [12] p. de láminas | ||
| 500 | |a Índice | ||
| 504 | |a Bibliografía: páginas 147-159 | ||
| 650 | 7 | |a MESTIZAJE |z MEXICO |2 embne | |
| 942 | |2 ddc |c BK | ||
| 956 | |a 1 | ||
| 999 | |c 3475 |d 3475 | ||



